OPERATE COMPUTERS YOURSELF PART 4 (INTERNET) (Record no. 378145)

MARC details
000 -LEADER
fixed length control field 00441nam a2200145Ia 4500
008 - FIXED-LENGTH DATA ELEMENTS--GENERAL INFORMATION
fixed length control field 100122s9999 xx 000 0 und d
082 ## - DEWEY DECIMAL CLASSIFICATION NUMBER
Item number 60976
Classification number 1.642
100 ## - MAIN ENTRY--PERSONAL NAME
Personal name MINHAS GURVINDAR
245 ## - TITLE STATEMENT
Title OPERATE COMPUTERS YOURSELF PART 4 (INTERNET)
260 ## - PUBLICATION, DISTRIBUTION, ETC. (IMPRINT)
Name of publisher, distributor, etc DREAMLAND PUBLICATIONS
Date of publication, distribution, etc 2000
300 ## - PHYSICAL DESCRIPTION
Extent 127
630 ## - SUBJECT ADDED ENTRY--UNIFORM TITLE
Uniform title OPERATE COMPUTERS YOURSELF PART 4 (INTERNET)
730 ## - ADDED ENTRY--UNIFORM TITLE
Uniform title OPERATE COMPUTERS YOURSELF PART 4 (INTERNET)
942 ## - ADDED ENTRY ELEMENTS (KOHA)
Koha item type Book
Holdings
Withdrawn status Lost status Damaged status Not for loan Home library Current library Date acquired Cost, normal purchase price Total Checkouts Full call number Barcode Date last seen Cost, replacement price Price effective from Koha item type Public note
        S.V. Pathak Library, Vile Parle S.V. Pathak Library, Vile Parle 02/12/2002 100.00   60976 SVPPARLE-60976 01/25/2010 100.00 01/25/2010 Book ", , General, NA"